Statistics for Countries which have the Most Longest Borders

Click here to take the quiz!

General Stats

  • This quiz has been taken 36 times
    (21 since last reset)
  • The average score is 9 of 14

Answer Stats

No. of Longest BordersCountry% Correct
5Russia
100%
4China
95%
6Brazil
90%
4 (5)India
86%
4D.R.Congo
71%
4Germany
71%
3France
67%
3Sudan
57%
3Italy
52%
5 (6)Saudi Arabia
52%
3Ethiopia
48%
3Nigeria
48%
3South Africa
48%
3Mali
43%

Score Distribution

Percentile by Number Answered

Percent of People with Each Score

Your Score History

You have not taken this quiz since the last reset